000 00727nam a22002177a 4500
999 _c9666
_d9666
001 9666
003 BD-JhCC
005 20190711083801.0
008 180321s1970 bg ||||| |||| 00| 0 ben d
035 _a(BD-JhCC) 9666
040 _aBD-JhCC
_dBD-JhCC
041 _aben
082 _a320.014
_bUMO 1970
100 _aউমর, বদরুদ্দীন
245 _aপূ্র্ব বাঙলার ভাষা আন্দোলন ও তৎকালীন রাজনীতি /
_bবদরুদ্দীন উমর
260 _aঢাকা :
_bমাওলা ব্রাদার্স,
_c১৯৭০
300 _a416 P :
_c21 cm
650 _aLanguage Movement
942 _2ddc
_cBK